The ecclesiastical review on morality of hunger-strike /

Bibliographic Details
Main Author: Hogan, Michael
Format: Book
Language:English
Published: Jersey City, N. J. : St. Peter's College Press, [1933?]
Edition:2nd ed.
Subjects:

MARC

Tag First Indicator Second Indicator Subfields
LEADER 00000cam a2200000 a 4500
001 in00000074079
005 20151008060153.0
008 770511s1933 nju 00010 eng d
035 |a (OCoLC)02954163 
035 |9 AAJ5241AM 
040 |a FAU  |c FAU  |d TXA  |d UtOrBLW 
049 |a TXAM  |c [1481910] 
090 |a BX1759  |b .H65 1933 
100 1 |a Hogan, Michael. 
245 1 4 |a The ecclesiastical review on morality of hunger-strike /  |c Michael Hogan. 
250 |a 2nd ed. 
264 1 |a Jersey City, N. J. :  |b St. Peter's College Press,  |c [1933?] 
300 |a 349 pages ;  |c 21 cm. 
336 |a text  |b txt  |2 rdacontent 
337 |a unmediated  |b n  |2 rdamedia 
338 |a volume  |b nc  |2 rdacarrier 
500 |a Spine title: Hunger strike. 
500 |a Reprinted in part from the Irish World of May 20, 1933. 
650 0 |a Christian ethics  |x Catholic authors. 
740 0 |a Hunger strike. 
999 |a MARS 
999 f f |s 49bcb93c-58c2-3ccc-8bae-c4d9fc06bfd0  |i e37515d3-7652-31ac-9753-2511ed4baee5  |t 0 
952 f f |p ric  |a Texas A&M University  |b Rellis Campus  |c Joint Library Facility  |d Remote Storage  |t 0  |e BX1759 .H65 1933  |h Library of Congress classification  |i unmediated -- volume  |m A14806092751 
998 f f |a BX1759 .H65 1933  |t 0  |l Remote Storage